[Event "Asian-ch Seniors 65 zt 3.4"]
[Site "Chess.com INT"]
[Date "2020.07.16"]
[Round "2.3"]
[White "Murzin, Marat"]
[Black "Tilenbaev, Cholponbek"]
[Result "1-0"]
[WhiteElo "1685"]
[BlackElo "1683"]
[PlyCount "107"]
[EventDate "2020.07.16"]
[EventType "swiss"]
[EventRounds "7"]
[EventCountry "UZB"]
[SourceTitle "EXT 2024"]
[Source "ChessBase"]
[SourceDate "2023.10.10"]
[SourceVersion "1"]
[SourceVersionDate "2023.10.10"]
[SourceQuality "1"]

1. Nf3 Nf6 2. c4 g6 3. b4 Bg7 4. Bb2 d6 5. g3 0-0 6. Bg2 c6 7. 0-0 e5 8. d4 e4 9. Nfd2 d5 10. e3 Be6 11. Qc2 Na6 12. a3 Rc8 13. c5 Nc7 14. Nc3 Nh5 15. f3 f5 16. a4 Qg5 17. f4 Qh6 18. b5 Nf6 19. h3 g5 20. b6 Na6 21. bxa7 Nh5 22. Kh2 Nb4 23. Qb3 Nd3 24. Qxb7 gxf4 25. gxf4 Qg6 26. Ne2 Kh8 27. Rg1 Ra8 28. Bxe4 Qf6 29. Bxd3 Qh4 30. Rxg7 Nxg7 31. Rg1 Nh5 32. Rg2 Qe1 33. Nf3 Qa5 34. Ng5 Bg8 35. Bc3 Qxa4 36. Qe7 Rae8 37. Qd6 Qxa7 38. e4 fxe4 39. Bxe4 dxe4 40. d5+ Ng7 41. Ne6 Bxe6 42. Bxg7+ Qxg7 43. Rxg7 Kxg7 44. dxe6 e3 45. Nd4 Kg8 46. f5 e2 47. Qe5 Ra8 48. Qxe2 Ra4 49. Qg4+ Kh8 50. e7 Ra2+ 51. Kg3 Rfa8 52. f6 R2a3+ 53. Kh4 Re3 54. Qg7# 1-0

[Event "Asian-ch Seniors 65 zt 3.4"]
[Site "Chess.com INT"]
[Date "2020.07.16"]
[Round "4.3"]
[White "Syzdykov, Sabyr"]
[Black "Tilenbaev, Cholponbek"]
[Result "1/2-1/2"]
[WhiteElo "1825"]
[BlackElo "1683"]
[PlyCount "109"]
[EventDate "2020.07.16"]
[EventType "swiss"]
[EventRounds "7"]
[EventCountry "UZB"]
[SourceTitle "EXT 2024"]
[Source "ChessBase"]
[SourceDate "2023.10.10"]
[SourceVersion "1"]
[SourceVersionDate "2023.10.10"]
[SourceQuality "1"]

1. d4 Nf6 2. Nf3 g6 3. c4 d6 4. Nc3 Bg7 5. g3 c5 6. Bg2 Nbd7 7. 0-0 0-0 8. h3 cxd4 9. Nxd4 Rb8 10. b3 a6 11. Bb2 e5 12. Nc2 Ne8 13. Ne4 Qe7 14. Ba3 Nc5 15. Nxc5 dxc5 16. Ne3 Be6 17. Nd5 Bxd5 18. Qxd5 b6 19. Rad1 Nf6 20. Qd6 Qxd6 21. Rxd6 Rfd8 22. Rfd1 Rxd6 23. Rxd6 e4 24. Rc6 Bf8 25. Rxf6 b5 26. cxb5 axb5 27. Bxe4 b4 28. Bb2 Bg7 29. Bd5 Bxf6 30. Bxf6 Rb6 31. Be7 Rb5 32. f4 Ra5 33. Kf2 Kg7 34. Kf3 h6 35. e4 f6 36. e5 fxe5 37. fxe5 Rxa2 38. Bxc5 Ra5 39. Bxb4 Rxd5 40. Bd6 Kf7 41. Ke4 Ke6 42. b4 h5 43. Kf4 Rd3 44. Bb8 Rb3 45. Bd6 h4 46. gxh4 Rxh3 47. Kg4 Rh1 48. Kg5 Rg1+ 49. Kf4 Kd5 50. Kf3 Ke6 51. Kf4 Rg2 52. Kf3 Rh2 53. Kg3 Rh1 54. Kg4 Rg1+ 55. Kf4 1/2-1/2

[Event "Asian-ch Seniors 65 zt 3.4"]
[Site "Chess.com INT"]
[Date "2020.07.16"]
[Round "5.3"]
[White "Tilenbaev, Cholponbek"]
[Black "Nukin, Tolegen"]
[Result "0-1"]
[WhiteElo "1683"]
[BlackElo "2156"]
[PlyCount "52"]
[EventDate "2020.07.16"]
[EventType "swiss"]
[EventRounds "7"]
[EventCountry "UZB"]
[SourceTitle "EXT 2024"]
[Source "ChessBase"]
[SourceDate "2023.10.10"]
[SourceVersion "1"]
[SourceVersionDate "2023.10.10"]
[SourceQuality "1"]

1. e4 c5 2. Nf3 e6 3. d4 d5 4. exd5 exd5 5. Bb5+ Nc6 6. 0-0 Bd6 7. dxc5 Bxc5 8. Nc3 Nge7 9. Bg5 0-0 10. Re1 f6 11. Bf4 Bg4 12. h3 Bh5 13. a3 Nd4 14. Be2 Nxe2+ 15. Qxe2 Re8 16. Qxe7 Rxe7 17. Rxe7 Bxe7 18. g4 Bg6 19. Nd4 Qd7 20. Nce2 Rc8 21. c3 Bc5 22. Re1 Re8 23. Be3 h5 24. f3 Rxe3 25. Kf2 Bxd4 26. cxd4 Rb3 0-1